00939nam a22002537a 45000010005000000030006000050050017000110080041000280200018000690400029000870500015001160820011001311000024001422450082001662600038002483000049002865050008003355200205003435210029005485210020005776500030005976500027006277000031006547673FISKH20260304085535.0250730b cb ||||| |||| 00| 0 eng d a9780545290111 aFISKHbengcFISKHdFISKH aPZ7.S415 B a813.54 aScott, Ann Herbert  aBrave as a mountain lion / cBy Ann Herber Scott : Illustrated by Glo Coalson aNew York : bScholastic ,c1996.  a31 pages : bcolor illustrations ;c25 cm .  aK  aSpider is afraid to get up on stage in front of everybody in the school spelling bee, but after listening to his father's advice, decides that he too will try to be as brave as his Shoshoni ancestors.8 a510 bLexile estimate 8 aK bRaz-Plus  aShoshoni IndiansvFiction aSpelling beesvFiction aCoalson, GloeIllustrator